| 000 | 01574nas a2200277 454500 | ||
|---|---|---|---|
| 001 | 18701 | ||
| 005 | 20260407193505.0 | ||
| 008 | 260407s2012####ag###########|||spa#d | ||
| 003 | AR-UNSa-BCEJYS | ||
| 040 |
_aAR-UNSa-BCEJYS _bspa _cAR-UNSa-BCEJYS |
||
| 080 |
_a338 _xSituación económica. Política económica. Gestión de la economía. Planificación de la economía. Producción. Servicios. Precios |
||
| 245 | 1 | 0 | _aInforme macroeconómico y de política monetaria |
| 022 | _a2313-948X | ||
| 264 | 1 |
_aBuenos Aires : _bBanco Central de la República Argentina _c2012 |
|
| 310 | _aFrecuencia: Irregular | ||
| 505 | _aEl Informe Macroeconómico y de Política Monetaria brinda un análisis periódico de la evolución reciente del contexto internacional y de la economía argentina, analizando la evolución de la actividad económica, las condiciones socioeconómicas, el sector externo, las finanzas públicas, el mercado monetario y los precios. El informe da cuenta de las principales características de la política monetaria del BCRA. Asimismo, se analizan en apartados temas de particular relevancia internacional y nacional. | ||
| 942 | _cSER | ||
| 590 | _aniveau_biblio:s niveau_hierar:1 | ||
| 100 | 1 | _aBanco Central de la República Argentina | |
| 650 | _aBANCOS | ||
| 650 | _aPolítica monetaria | ||
| 650 | _aPolítica económica | ||
| 650 | _aECONOMIA | ||
| 650 | _aINSTITUCIONES FINANCIERAS Y CREDITICIAS | ||
| 856 | 4 | 1 |
_uhttps://biblioeco.unsa.edu.ar/pmb/images/revistas/Informe Macroecon?mico y de Pol?tica Monetaria.jpg _yImagen de portada _qimage/jpeg |
| 999 |
_c8505 _d8505 |
||